000 00570nam a2200193Ia 4500
999 _c31675
_d31675
003 OSt
005 20200803123603.0
008 190216s9999||||xx |||||||||||||| ||und||
020 _a8175561793
040 _coclc
082 _a516.36
_bGUP/T
100 _aGupta, P P
_93914
245 0 _aThree Dimensional Differential Geometry /
_cP P Gupta ; G S Malik
250 _a8th Ed.
260 _bPragathi Prakashan,
_c2000.
_aMeerut:
300 _a425p
650 _aGeneral Libraries-Mathematics
942 _cBK
_2ddc
_h516.36
_iGUP/T
_k516.36
_mGUP/T